Online
Catalog

Volver la mirada / (Record no. 50636)

MARC details
000 -CABECERA
campo de control de longitud fija 00523nam a2200193 a 4500
003 - IDENTIFICADOR DEL NÚMERO DE CONTROL
campo de control DO-SdBNP
005 - FECHA Y HORA DE LA ÚLTIMA TRANSACCIÓN
campo de control 20210922150946.0
007 - CAMPO FIJO DE DESCRIPCIÓN FÍSICA--INFORMACIÓN GENERAL
campo de control de longitud fija ta
008 - DATOS DE LONGITUD FIJA--INFORMACIÓN GENERAL
campo de control de longitud fija 210922e2019 dr ||||er|||| 00| 0 spa d
040 ## - FUENTE DE LA CATALOGACIÓN
Centro catalogador/agencia de origen DO-SdBNP
Lengua de catalogación spa
Centro/agencia transcriptor BNPHU
082 ## - NÚMERO DE LA CLASIFICACIÓN DECIMAL DEWEY
Número de documento/Ítem S684v
100 1# - ENTRADA PRINCIPAL--NOMBRE DE PERSONA
9 (RLIN) 8296
Nombre de persona Solano Pérez, Juan,
Fechas asociadas al nombre 1965
245 12 - MENCIÓN DE TÍTULO
Título Volver la mirada /
Mención de responsabilidad, etc. Juan Solano Pérez
250 ## - MENCIÓN DE EDICIÓN
Mención de edición 2 da. edición ampliada.
260 ## - PUBLICACIÓN, DISTRIBUCIÓN, ETC.
Lugar de publicación, distribución, etc. Santo Domingo :
Nombre del editor, distribuidor, etc. Soto Pérez,
Fecha de publicación, distribución, etc. 2019
300 ## - DESCRIPCIÓN FÍSICA
Extensión 39 p.;
Dimensiones 21 cm
590 ## - NOTA LOCAL (RLIN)
Nota local Inventariado 2021 / MF
942 ## - ELEMENTOS DE PUNTO DE ACCESO ADICIONAL (KOHA)
Fuente del sistema de clasificación o colocación Dewey Decimal Classification
Tipo de ítem Koha Folleto
Holdings
Estado de retiro Estado de pérdida Fuente del sistema de clasificación o colocación Restricciones de uso No para préstamo Código de colección Localización permanente Ubicación/localización actual Ubicación en estantería Fecha de adquisición Fuente de adquisición Total de préstamos Signatura topográfica completa Código de barras Fecha visto por última vez Precio válido a partir de Tipo de ítem Koha Nota pública Número de copia
    Dewey Decimal Classification Préstamo en sala   Dominicana de Servicio Biblioteca Nacional Pedro Henríquez Ureña General Depósito 13.03.2019 Depósito legal   S684v 2021-26962 22.09.2021 22.09.2021 Libro y Folleto Colección Dominicana de Servicio Ejemplar autobiografiado e.3
    Dewey Decimal Classification Excluido de préstamo   Patrimonio Dominicano Biblioteca Nacional Pedro Henríquez Ureña Patrimonio Dominicano Depósito 13.03.2021 Depósito legal   S684v 2021-26960 22.09.2021 22.09.2021 Libro y Folleto Colección Patrimonio Dominicano Ejemplar autobiografiado  
    Dewey Decimal Classification Excluido de préstamo   Patrimonio Dominicano Biblioteca Nacional Pedro Henríquez Ureña Patrimonio Dominicano Depósito 13.03.2021     S684v 2021-26961 22.09.2021 22.09.2021 Libro y Folleto Colección Patrimonio Dominicano Ejemplar autobiografiado e.2

Powered by Koha